| 000 | 00612nam a2200241Ia 4500 | ||
|---|---|---|---|
| 001 | 3007 | ||
| 005 | 20240113233606.0 | ||
| 007 | ta | ||
| 008 | 050328s1967 a g b000 u eng u | ||
| 020 | _cHB | ||
| 040 | _aCotton College,Assam | ||
| 041 | _aeng | ||
| 082 |
_a759.954 _bDe 41 In |
||
| 100 | _aDeneck, Marguerite-Marie . | ||
| 245 | 0 |
_aIndian Art / _cMarguerite-Marie Deneck. _hTextual Documents |
|
| 250 | _aIst ed. / | ||
| 260 |
_aLondon : _bHamlyn , _c1967. |
||
| 300 |
_a48p. : _bill ; _c27 cm . |
||
| 653 | _aIndian Art | ||
| 942 |
_2ddc _cBK |
||
| 999 |
_c2995 _d2995 |
||